000 00540nam a22001937a 4500
003 KOHA_MİRAKIL
005 20250311163407.0
008 250311b tu ||||| |||| 00| 0 tur d
020 _a9789751037350
040 _aTR-AnABB
_btur
_cTR-AnABB
041 _atur
082 _a814.42
_bSAL 2016
100 1 _aŞalcıoğlu, Kalust,
245 1 0 _aAşk her yerde /
_cKalust Şalcıoğlu
260 _aİstanbul :
_bİnkılap Yayınevi,
_c2016
300 _a207 sayfa ;
_c20 cm
650 0 4 _aTürk edebiyatı, roman
942 _2ddc
_cBK
999 _c8389
_d8389
900 _bGizem YORULMAZ